History - European History | 0 | 6 | 0 | 0 | 60 | 82 | 104.83 | 3 | 6 |
History - World History | 0 | 4 | 0 | 1 | 40 | 64 | 93.25 | 2 | 4 |
History - American History | 0 | 3 | 0 | 0 | 30 | 85 | 98.33 | 1 | 3 |
British and Commonwealth History | 0 | 3 | 0 | 0 | 30 | 101 | 112.33 | 3 | 3 |
Beliefs | 0 | 3 | 1 | 1 | 25 | 98 | 117.33 | 2 | 3 |
Social Science | 0 | 2 | 0 | 1 | 20 | 135 | 136.50 | 1 | 2 |
Fine Arts - Auditory Fine Arts | 0 | 2 | 0 | 0 | 20 | 132 | 134.00 | 1 | 2 |
Science - Biology | 0 | 2 | 0 | 1 | 20 | 133 | 138.00 | 1 | 2 |
Current Events | 1 | 0 | 0 | 0 | 15 | 53 | 53.00 | 0 | 1 |
Philosophy | 0 | 2 | 1 | 1 | 15 | 90 | 109.50 | 1 | 2 |
Other Academic | 0 | 1 | 0 | 0 | 10 | 134 | 134.00 | 0 | 1 |
Other Science: Earth Science | 0 | 1 | 0 | 1 | 10 | 157 | 157.00 | 0 | 1 |
Ancient History and Archaeology | 0 | 1 | 0 | 0 | 10 | 144 | 144.00 | 0 | 1 |
Geography | 0 | 1 | 0 | 0 | 10 | 124 | 124.00 | 0 | 1 |